| 000 | 00510nam a2200157Ia 4500 | ||
|---|---|---|---|
| 008 | 220204s9999 xx 000 0 und d | ||
| 082 |
_a331.5(540+910) _bCHA;1 |
||
| 100 | _aChadha, G K | ||
| 245 | 0 | _aEmployment, earnings and poverty : A study of rural India and Indonesia | |
| 260 |
_aNew Delhi _bSage publications _c1994 |
||
| 490 | _aIndo-Dutch studies on development alternatives 13 | ||
| 650 | _aField survey methodology | ||
| 650 | _aOff-farm employment | ||
| 650 | _aOn-farm employment | ||
| 942 | _cBK | ||
| 999 |
_c40959 _d40959 |
||